| 000 | 00795nas a2200253 454500 | ||
|---|---|---|---|
| 001 | 29482 | ||
| 005 | 20260407193507.0 | ||
| 008 | 260407s1989####ag###########|||spa#d | ||
| 003 | AR-UNSa-BCEJYS | ||
| 040 |
_aAR-UNSa-BCEJYS _bspa _cAR-UNSa-BCEJYS |
||
| 080 |
_a658 _xAdministración de empresas. Organización comercial |
||
| 245 | 1 | 0 | _aMañana Profesional |
| 264 | 1 |
_aBuenos Aires : _bMañana Profesional _c1989 |
|
| 310 | _aFrecuencia: Bimestral | ||
| 041 | _aspa | ||
| 942 | _cSER | ||
| 590 | _aniveau_biblio:s niveau_hierar:1 | ||
| 100 | 1 | _aLuchía Puig, Luis E. | |
| 650 | _aMarketing | ||
| 650 | _aADMINISTRACION DE EMPRESAS | ||
| 650 | _aLiderazgo | ||
| 650 | _aNEGOCIOS | ||
| 856 | 4 | 1 |
_uhttps://biblioeco.unsa.edu.ar/pmb/images/revistas/Ma?ana-r14248.jpg _yImagen de portada _qimage/jpeg |
| 999 |
_c8669 _d8669 |
||